000 00415nam a2200145 a 4500
001 000030756
005 20200930062506.0
008 110527s20uu dr 000 0 spa d
040 _aDO-SdBNP
_bspa
_cBNPHU
100 1 _aVentura, José Alexander
_957322
245 1 0 _aCrítica de críticos /
_cJosé Alexander Ventura.
260 _aSanto Domingo :
_b[s. n. ],
_c[200?].
300 _a73 p. ;
_c23 cm.
049 _aBNPD
999 _c30248
_d30248